000 00971nam2a2200277 4500
001 RU\NLR\bibl\1226112
005 20250615112753.0
010 _a5-88775-005-3
_91000
021 _aRU
_b2008-20181
_91102
035 _a(NLR Aleph) 001212423
090 _a86689
_c86689
100 _a20080513d2004 |||y0rusy50 ca
101 0 _arus
_ager
102 _aRU
105 _aa |||||||||
200 0 _aЧ. 2
210 _d2004
_aБ. м.
215 _a110, [1] с.
_cил., портр.
300 _aТекст песен парал. на рус. и нем. яз.
320 _aДискогр.: с. 56-61
461 0 _1001RU\NLR\bibl\383778
_12001#$aRammstein$vЧ. 2
_9438620
_cМ.
_d2002
_fАвт.-сост.: Жак Ю. Тати]
_nСкит интернешнл
_o[О культовой нем. танцев.-метал. группе : Сб.
_tRammstein
_vЧ. 2
801 0 _aRU
_bNLR
_c20080513
_gRCR
801 1 _aRU
_bNLR
_c20080513
942 _cBOOK
980 _aNB